| 000 | 01133pam a2200277 a 4500 | ||
|---|---|---|---|
| 001 | 3575850 | ||
| 003 | GBCCL | ||
| 005 | 20241126110358.0 | ||
| 008 | 990317s1999 miu b 000 0 eng | ||
| 010 | _a 99026266 | ||
| 020 | _a0310231930 (pbk.) | ||
| 040 |
_aDLC _cDLC _dDLC |
||
| 050 | 0 | 0 |
_aBS476 _b.G85 1999 |
| 082 | 0 | 0 |
_a221.601 _221 _bGUI |
| 245 | 0 | 2 |
_aA guide to Old Testament theology and exegesis : _ban introductory articles from the New International dictionary of Old Testament theology and exegesis / _cWillem A. VanGemeren, general editor. |
| 260 |
_aGrand Rapids, Mich. : _bZondervan, _cc1999. |
||
| 300 |
_a235 p. ; _c24 cm. |
||
| 504 | _aIncludes bibliographical references. | ||
| 630 | 0 | 0 |
_aBible. _pOld Testament _xHermeneutics. _92494 |
| 630 | 0 | 0 |
_aBible. _pOld Testament _xTheology. _92493 |
| 700 | 1 |
_aVanGemeren, Willem. _92495 |
|
| 856 | 4 | 2 |
_3Publisher description _uhttp://www.loc.gov/catdir/enhancements/fy0633/99026266-d.html |
| 906 |
_a7 _bcbc _corignew _d1 _eocip _f19 _gy-gencatlg |
||
| 942 |
_2ddc _cBK _05 |
||
| 999 |
_c1290 _d1290 |
||